El viaje imaginario : (Record no. 193287)

MARC details
000 -LEADER
campo de control de longitud fija 01282nam a22003497i 4500
001 - NÚMERO DE CONTROL
campo de control 193287
003 - IDENTIFICADOR DE NÚMERO DE CONTROL
campo de control ES-MaACL
005 - FECHA Y HORA DE LA ÚLTIMA TRANSACCIÓN
campo de control 20240830141702.0
007 - CAMPO FIJO DE DESCRIPCIÓN FÍSICA--INFORMACIÓN GENERAL
campo de control de longitud fija ta
008 - DATOS DE LONGITUD FIJA--INFORMACIÓN GENERAL
campo de control de longitud fija 2021b sp ||||| |||| 00| 0 spa d
020 ## - NÚMERO INTERNACIONAL ESTÁNDAR DEL LIBRO
Número Internacional Estándar del Libro 9788412420661
040 ## - FUENTE DE CATALOGACIÓN
Lengua de catalogación spa
Centro/agencia transcriptor ES-MaACL
080 ## - NÚMERO DE LA CLASIFICACIÓN DECIMAL UNIVERSAL
Identificador de la edición 821.134.2-31"19"
100 1# - ENTRADA PRINCIPAL--NOMBRE DE PERSONA
9 (RLIN) 234283
Nombre de persona Benítez, Jesús,
Fechas asociadas al nombre 1957-
Término indicativo de función/relación Autor
245 13 - MENCIÓN DEL TÍTULO
Título El viaje imaginario :
Resto del título una historia ejemplar /
Mención de responsabilidad, etc. Jesús Benítez Benítez ; [prólogo, Aurelio de Prada]
250 ## - MENCION DE EDICION
Mención de edición 1ª edición: septiembre 2021
260 ## - PUBLICACIÓN, DISTRIBUCIÓN, ETC.
Lugar de publicación, distribución, etc. Badalona :
Nombre del editor, distribuidor, etc. Célebre,
Fecha de publicación, distribución, etc. 2021
300 ## - DESCRIPCIÓN FÍSICA
Extensión 288 páginas ;
Dimensiones 21 cm
336 ## - TIPO DE CONTENIDO
Fuente rdacontent
Término de tipo de contenido Texto
337 ## - TIPO DE MEDIO
Fuente rdamedia
Nombre/término del tipo de medio sin mediación
338 ## - TIPO DE SOPORTE
Fuente rdacarrier
Nombre/término del tipo de soporte volumen
650 #7 - PUNTO DE ACCESO ADICIONAL DE MATERIA--TÉRMINO DE MATERIA
Término de materia o nombre geográfico como elemento de entrada Novelas
Fuente del encabezamiento o término embne
9 (RLIN) 233904
700 1# - ENTRADA AGREGADA--NOMBRE PERSONAL
9 (RLIN) 234416
Nombre de persona Prada García, Aurelio de
Término indicativo de función/relación Autor de introducción
852 ## - LOCALIZACIÓN
Ubicación ES-MaACL
Sublocalización o colección R. 154691
Ubicación en estantería Depósito J
Número de control de estantería N-9465
Anotaciones manuscritas Dedicatoria autógrafa del autor
Donativo/Legado Donación: Jesús Benítez
itemnumber 200726
Encuadernación Encuadernación rústica con solapas
903 ## - NOMBRE PERSONAL DE DONANTE
9 234283
a Benítez, Jesús,
d 1957-
e Donante
942 ## - ELEMENTOS DE ENTRADA SECUNDARIOS (KOHA)
Suprimir en OPAC No
Tipo de ítem Koha Libro impreso
Holdings
Estatus retirado Estado de pérdida Fuente del sistema de clasificación o colocación Estado de daño No para préstamo Colección Biblioteca de origen Biblioteca actual Ubicación en estantería Fecha de adquisición Fuente de adquisición Número de control de estantería Total de préstamos Signatura topográfica completa Código de barras Visto por última vez Tipo de ítem Koha Nota pública
    Clasificación decimal universal     Libros con dedicatorias Biblioteca del Ateneo de Madrid Biblioteca del Ateneo de Madrid Depósito J 30/10/2023 Donación Ateneísta   N-9465 101206015 30/10/2023 Libro impreso Dedicatoria autógrafa del autor